000 00341nam a22001457a 4500
003 OSt
020 _a1565925688
040 _c0
082 _222
_a005.4469
100 _aMoncur, Michael.
245 _aNetworking essentials flashcards :
_bMCSE core exam 70-058 /
260 _aCalifornia,
_bO'Reilly,
300 _a0
_bill. ;
942 _2ddc
_cIT
999 _c5417
_d5417